|
|
|
|
| LEADER |
03700nam a2200445 a 4500 |
| 001 |
37267 |
| 003 |
BD-DhAAL |
| 005 |
20211213160305.0 |
| 008 |
210121t20151998ii d|||| |||| 001 0 eng d |
| 999 |
|
|
|c 42200
|d 42200
|
| 020 |
|
|
|a 9789332550537
|
| 040 |
|
|
|a BD-DhAAL
|
| 082 |
|
|
|a 621.38223
|2 21
|
| 100 |
|
|
|a Soliman, Samir S.,
|d 1951-
|9 40690
|
| 245 |
|
|
|a Continuous and discrete signals and systems /
|c Samir S. Soliman and Mandyam D. Srinath.
|
| 250 |
|
|
|a Second edition
|
| 260 |
|
|
|a New Delhi :
|b Pearson,
|c c1998.
|
| 300 |
|
|
|a xvii, pages 525 :
|b illustrations ;
|c 24 cm.
|
| 490 |
|
|
|a Prentice Hall information and system sciences series
|
| 504 |
|
|
|a Includes bibliographical references (pages 519-520) and index.
|
| 526 |
|
|
|a EEE
|
| 541 |
|
|
|a Hye Trade International
|e 37267, 37268, 37269, 37270, 37271, 37272, 37273, 37274, 37275, 37396
|
| 650 |
|
|
|a Signal theory (Telecommunication)
|9 40691
|
| 650 |
|
|
|a Signal processing
|x Mathematics.
|9 40692
|
| 650 |
|
|
|a Transformations (Mathematics)
|9 40693
|
| 650 |
|
|
|a System analysis.
|9 40694
|
| 650 |
|
|
|a Electrical engineering
|9 42652
|
| 700 |
|
|
|a Srinath, Mandyam D.
|q (Mandyam Dhati),
|d 1935-
|9 40695
|
| 852 |
|
|
|a Ayesha Abed Library
|c General stacks
|
| 942 |
|
|
|2 ddc
|c BK
|
| 952 |
|
|
|0 0
|1 0
|2 ddc
|4 0
|6 621_382230000000000_SOL
|7 0
|9 69065
|a BRACUL
|b BRACUL
|c GEN
|d 2020-11-29
|e Hye Trade International
|g 699.00
|l 6
|m 66
|o 621.38223 SOL
|p 3010037271
|r 2026-02-03
|s 2026-02-03
|t 5
|v 699.00
|w 2020-11-29
|y BK
|x Received during pandemic
|
| 952 |
|
|
|0 0
|1 0
|2 ddc
|4 0
|6 621_382230000000000_SOL
|7 0
|9 69066
|a BRACUL
|b BRACUL
|c GEN
|d 2020-11-29
|e Hye Trade International
|g 699.00
|l 5
|m 49
|o 621.38223 SOL
|p 3010037270
|r 2025-01-30
|s 2024-10-22
|t 4
|v 699.00
|w 2020-11-29
|y BK
|x Received during pandemic
|
| 952 |
|
|
|0 0
|1 0
|2 ddc
|4 0
|6 621_382230000000000_SOL
|7 0
|9 69067
|a BRACUL
|b BRACUL
|c GEN
|d 2020-11-29
|e Hye Trade International
|g 699.00
|l 6
|m 53
|o 621.38223 SOL
|p 3010037267
|r 2026-05-20
|s 2026-01-31
|t 1
|v 699.00
|w 2020-11-29
|y BK
|x Received during pandemic
|
| 952 |
|
|
|0 0
|1 0
|2 ddc
|4 0
|6 621_382230000000000_SOL
|7 0
|9 69068
|a BRACUL
|b BRACUL
|c GEN
|d 2020-11-29
|e Hye Trade International
|g 699.00
|l 4
|m 40
|o 621.38223 SOL
|p 3010037273
|r 2026-02-23
|s 2026-02-03
|t 7
|v 699.00
|w 2020-11-29
|y BK
|x Received during pandemic
|
| 952 |
|
|
|0 0
|1 0
|2 ddc
|4 0
|6 621_382230000000000_SOL
|7 0
|9 69069
|a BRACUL
|b BRACUL
|c GEN
|d 2020-11-29
|e Hye Trade International
|g 699.00
|l 3
|m 57
|o 621.38223 SOL
|p 3010037268
|r 2023-10-08
|s 2023-01-24
|t 2
|v 699.00
|w 2020-11-29
|y BK
|x Received during pandemic Lost and paid for. ID 21104022 1398 TK BDT.
|
| 952 |
|
|
|0 0
|1 0
|2 ddc
|4 0
|6 621_382230000000000_SOL
|7 0
|9 69070
|a BRACUL
|b BRACUL
|c GEN
|d 2020-11-29
|e Hye Trade International
|g 699.00
|l 6
|m 56
|o 621.38223 SOL
|p 3010037275
|r 2026-05-20
|s 2026-01-31
|t 9
|v 699.00
|w 2020-11-29
|y BK
|x Received during pandemic
|
| 952 |
|
|
|0 0
|1 0
|2 ddc
|4 0
|6 621_382230000000000_SOL
|7 0
|9 69071
|a BRACUL
|b BRACUL
|c GEN
|d 2020-11-29
|e Hye Trade International
|g 699.00
|l 5
|m 73
|o 621.38223 SOL
|p 3010037269
|r 2025-03-06
|s 2024-10-05
|t 3
|v 699.00
|w 2020-11-29
|y BK
|x Received during pandemic
|
| 952 |
|
|
|0 0
|1 0
|2 ddc
|4 0
|6 621_382230000000000_SOL
|7 0
|9 69072
|a BRACUL
|b BRACUL
|c GEN
|d 2020-11-29
|e Hye Trade International
|g 699.00
|l 6
|m 74
|o 621.38223 SOL
|p 3010037274
|r 2025-12-08
|s 2025-10-08
|t 8
|v 699.00
|w 2020-11-29
|y BK
|x Received during pandemic
|
| 952 |
|
|
|0 0
|1 0
|2 ddc
|4 0
|6 621_382230000000000_SOL
|7 0
|9 69073
|a BRACUL
|b BRACUL
|c GEN
|d 2020-11-29
|e Hye Trade International
|g 699.00
|l 7
|m 81
|o 621.38223 SOL
|p 3010037272
|q 2026-02-22
|r 2025-03-03
|s 2025-03-03
|t 6
|v 699.00
|w 2020-11-29
|y BK
|x Received during pandemic
|
| 952 |
|
|
|0 0
|1 0
|2 ddc
|4 0
|6 621_382230000000000_SOL
|7 0
|9 69184
|a BRACUL
|b BRACUL
|c GEN
|d 2020-12-09
|e Hye Trade International
|g 699.00
|l 5
|m 37
|o 621.38223 SOL
|p 3010037396
|r 2026-04-09
|s 2026-02-05
|t 10
|v 699.00
|w 2020-12-09
|y BK
|x Received during COVID-19 pandemic
|